Sports Quiz

Random Sports or MLB Quiz

Projected MLB Lineups 2019 Quiz Stats

 Plays Quiz not verified by Sporcle

Score 0/255 Timer 15:00
0 Plays Today
Team Player % Correct
NationalsTrea Turner
86.8%
DodgersJustin Turner
86.4%
NationalsAnthony Rendon
82.9%
BravesFreddie Freeman
80.1%
CubsKris Bryant
80.1%
CubsAnthony Rizzo
79.9%
BrewersChristian Yelich
78.9%
OriolesRichie Martin
78.9%
IndiansLeonys Martin
78.9%
BravesRonald Acuna
77.9%
CubsJavier Baez
77.7%
Red SoxJD Martinez
77.7%
CardinalsJose Martinez
77.4%
CardinalsPaul Goldschmidt
77.4%
YankeesAaron Judge
76.7%
NationalsJuan Soto
76.4%
NationalsRyan Zimmerman
76.4%
RedsJoey Votto
76.4%
YankeesGiancarlo Stanton
76.4%
MetsRobinson Cano
75.9%
BrewersLorenzo Cain
75.9%
PiratesJosh Bell
75.9%
Red SoxMookie Betts
75.9%
BravesJosh Donaldson
75.4%
YankeesGary Sanchez
75.4%
White SoxYolmer Sanchez
74.9%
BravesOzzie Albies
74.7%
RockiesNolan Arenado
74.7%
CardinalsMatt Carpenter
74.2%
PhilliesJT Realmuto
73.9%
DodgersCorey Seager
73.4%
MarinersKyle Seager
73.4%
PhilliesAndrew McCutchen
73.2%
OriolesChris Davis
73.2%
AthleticsKhris Davis
73.2%
RockiesCharlie Blackmon
72.7%
BravesNick Markakis
72.5%
IndiansJose Ramirez
72.5%
MetsMichael Conforto
72.2%
PhilliesCesar Hernandez
72.2%
PhilliesRhys Hoskins
72.2%
CubsBen Zobrist
72.2%
Red SoxJackie Bradley Jr.
72%
YankeesBrett Gardner
72%
PiratesStarling Marte
71.5%
AngelsMike Trout
71.5%
DiamondbacksKetel Marte
71.2%
PhilliesJean Segura
71%
CardinalsYadier Molina
71%
IndiansFrancisco Lindor
71%
CubsJason Heyward
70.7%
DodgersCody Bellinger
70.7%
GiantsBuster Posey
70.7%
RedsYasiel Puig
70.5%
RockiesTrevor Story
70.5%
CubsWillson Contreras
70%
YankeesGleyber Torres
70%
AstrosJose Altuve
70%
RoyalsHunter Dozier
69.7%
GiantsBrandon Belt
69.5%
TigersMiguel Cabrera
69.5%
MetsWilson Ramos
69.2%
BravesDansby Swanson
69.2%
RangersAsdrubal Cabrera
69.2%
NationalsAdam Eaton
69%
MarlinsStarlin Castro
69%
MarlinsBrian Anderson
69%
CubsKyle Schwarber
69%
TwinsJason Castro
69%
Red SoxXander Bogaerts
68.7%
YankeesAaron Hicks
68.7%
White SoxTim Anderson
68.7%
RoyalsAlex Gordon
68.7%
BrewersRyan Braun
68.2%
PhilliesMaikel Franco
68%
DodgersChris Taylor
67.7%
AstrosGeorge Springer
67.7%
NationalsBrian Dozier
67.5%
MetsAmed Rosario
67.5%
BrewersJesus Aguilar
67.5%
GiantsBrandon Crawford
67.5%
TwinsEddie Rosario
67.5%
AstrosAlex Bregman
67.5%
AstrosCarlos Correa
67.5%
MarinersJP Crawford
67.5%
Team Player % Correct
RedsEugenio Suarez
67%
Red SoxAndrew Benintendi
67%
CardinalsMarcell Ozuna
66.7%
Red SoxDustin Pedroia
66.7%
RockiesDaniel Murphy
66.5%
PadresEric Hosmer
66.5%
BrewersYasmani Grandal
66.3%
YankeesMiguel Andujar
66.3%
RedsScooter Gennett
66%
BravesEnder Inciarte
65.8%
Red SoxMitch Moreland
65.8%
MarinersDee Gordon
65.5%
PiratesAdam Frazier
65%
GiantsEvan Longoria
65%
MetsPeter Alonso
64.5%
White SoxYonder Alonso
64.5%
PhilliesOdubel Herrera
64.3%
BrewersTravis Shaw
64.3%
RoyalsSalvador Perez
64.3%
Red SoxRafael Devers
64%
CardinalsKolten Wong
63.8%
MetsBrandon Nimmo
63.5%
Blue JaysLourdes Gurriel Jr.
63.3%
IndiansRoberto Perez
63.3%
BravesTyler Flowers
62.5%
CardinalsPaul DeJong
62.5%
TwinsJorge Polanco
62.5%
RoyalsWhit Merrifield
62.5%
AngelsAndrelton Simmons
62.3%
White SoxJose Abreu
61.8%
IndiansJason Kipnis
61.5%
PiratesErik Gonzalez
61.3%
NationalsYan Gomes
61%
DodgersMax Muncy
61%
YankeesLuke Voit
61%
IndiansCarlos Santana
61%
MarinersEdwin Encarnacion
60.8%
MarinersDomingo Santana
60.8%
AstrosYuli Gurriel
60.3%
AngelsAlbert Pujols
60.3%
CubsAlbert Almora
60%
YankeesDJ LeMahieu
60%
TigersJaCoby Jones
60%
AthleticsMatt Chapman
59.8%
Blue JaysJustin Smoak
59.3%
TwinsNelson Cruz
59.3%
PiratesFrancisco Cervelli
59.1%
DodgersAJ Pollock
59.1%
TigersNicholas Castellanos
59.1%
Blue JaysKevin Pillar
58.6%
BrewersOrlando Arcia
58.1%
DodgersJoc Pederson
58.1%
AstrosMichael Brantley
58.1%
MetsJed Lowrie
57.8%
AngelsJustin Upton
57.8%
RangersElvis Andrus
57.6%
TwinsByron Buxton
57.3%
PadresIan Kinsler
57.1%
PadresWil Myers
57.1%
GiantsJoe Panik
57.1%
AstrosJosh Reddick
57.1%
TwinsMiguel Sano
56.3%
PhilliesNick Williams
56.1%
RaysKevin Kiermaier
56.1%
MarinersMallex Smith
56.1%
NationalsVictor Robles
55.8%
DiamondbacksJake Lamb
55.8%
RangersRougned Odor
55.8%
DiamondbacksEduardo Escobar
55.3%
DiamondbacksDavid Peralta
55.3%
TwinsJonathan Schoop
54.6%
RedsJose Peraza
54.3%
Red SoxChristian Vazquez
54.3%
RangersJoey Gallo
54.3%
BrewersMike Moustakas
54.1%
DodgersAustin Barnes
53.8%
PadresManny Machado
53.6%
RockiesIan Desmond
53.3%
AthleticsMatt Olson
53.3%
RoyalsBilly Hamilton
53.1%
AngelsKole Calhoun
53.1%
AngelsJustin Bour
53.1%
Blue JaysKendrys Morales
52.9%
OriolesMark Trumbo
52.6%
White SoxYoan Moncada
52.6%
Team Player % Correct
RaysTommy Pham
52.1%
AngelsZack Cozart
51.6%
MarlinsNeil Walker
50.9%
RangersShin-Soo Choo
50.9%
MetsJuan Lagares
50.4%
RangersNomar Mazara
49.9%
CardinalsHarrison Bader
49.6%
TwinsMax Kepler
49.6%
AngelsJonathan Lucroy
49.6%
PiratesCorey Dickerson
49.4%
OriolesJonathan Villar
49.4%
PadresAustin Hedges
49.1%
PadresManuel Margot
49.1%
DiamondbacksNick Ahmed
48.6%
TwinsCJ Cron
48.6%
MarlinsMartin Prado
48.4%
RedsTucker Barnhart
48.4%
RaysAvisail Garcia
48.4%
AthleticsStephen Piscotty
48.4%
RedsScott Schebler
48.1%
MarinersMitch Haniger
48.1%
Blue JaysRandal Grichuk
47.9%
RangersDelino DeShields Jr.
47.9%
RockiesDavid Dahl
47.4%
AthleticsMarcus Semien
47.4%
RockiesChris Iannetta
46.9%
OriolesTrey Mancini
46.7%
MarlinsLewis Brinson
46.4%
RaysMatt Duffy
46.4%
RaysMike Zunino
45.4%
White SoxWellington Castillo
45.4%
DiamondbacksSteven Souza Jr.
45.2%
RaysYandy Diaz
43.7%
AstrosTyler White
43.2%
RoyalsJorge Soler
42.9%
MarlinsJorge Alfaro
42.7%
RoyalsAdalberto Mondesi
42.7%
AstrosRobinson Chirinos
42.7%
MarinersJay Bruce
42.4%
OriolesRenato Nunez
42.2%
PiratesLonnie Chisenhall
41.4%
DiamondbacksWilmer Flores
41.4%
TigersJordy Mercer
41.4%
IndiansTyler Naquin
40.9%
PiratesColin Moran
40.4%
RaysJoey Wendle
40.2%
PadresFranmil Reyes
40%
RedsJesse Winker
39%
Blue JaysFreddy Galvis
38.5%
IndiansJake Bauers
37%
AthleticsJurickson Profar
37%
RaysWilly Adames
36.5%
MarlinsJT Riddle
36.2%
TigersJeimer Candelario
35.7%
GiantsGerardo Parra
34%
White SoxAdam Engel
34%
RaysAustin Meadows
32.8%
Blue JaysBrandon Drury
31.5%
White SoxJon Jay
31%
RangersRonald Guzman
30%
TigersMikie Mahtook
29.8%
Blue JaysDanny Jansen
28.8%
RoyalsRyan O'Hearn
28.8%
OriolesCedric Mullins
28.5%
RockiesRyan McMahon
28%
White SoxDaniel Palka
28%
AngelsDavid Fletcher
28%
MarinersOmar Narvaez
28%
RangersJeff Mathis
27.8%
GiantsSteven Duggar
27.3%
DiamondbacksCarson Kelly
27%
PadresLuis Urias
26.8%
OriolesDJ Stewart
26.1%
OriolesChance Sisco
26.1%
TigersChristian Stewart
26.1%
TigersNiko Goodrum
26.1%
AthleticsNick Martini
25.8%
AthleticsRamon Laureano
25.3%
GiantsAustin Slater
24.8%
AthleticsJosh Phegley
23.1%
Blue JaysBilly McKinney
22.6%
RoyalsBrett Phillips
22.6%
MarlinsAustin Dean
19.6%
TigersGrayson Greiner
19.6%
IndiansJordan Luplow
17.9%

You're not logged in!

Compare scores with friends on all Sporcle quizzes.
OR
Log In

Show Comments

Extras

Top Quizzes Today


Score Distribution

Your Account Isn't Verified!

In order to create a playlist on Sporcle, you need to verify the email address you used during registration. Go to your Sporcle Settings to finish the process.

Report this User

Report this user for behavior that violates our Community Guidelines.

Details: